000 00432nam a22001457a 4500
003 OSt
005 20250708162734.0
008 250708b |||||||| |||| 00| 0 eng d
040 _cSVYASA
100 _aMadhuri S and Keerthi GS
_91044
245 _aEffect of yoga nidra on stress management and work life balance on advocates: A Randomized control study
260 _aBangaluru
_bSvyasa
_c2025
300 _a43 p.
942 _2ddc
_cD
_n0
999 _c20632
_d20632